000 00700nam a2200229 a 4500
001 BRCA_5138
005 20190320204945.0
008 760921s1955----mx-a##p###---#000-0#spa-#
041 _aspa
044 _amx
050 4 _aQK1
_b.B56 1955
245 1 0 _aBoletín de la Sociedad Botánica de México.
260 _aMéxico
_bSociedad Botánica de México
_c1955
300 _a48 p.
_bil.
_c23 cm.
500 _aBoletín catalogado por Banco de México como libro
500 _aDD56
650 1 4 _aBotánica
_vPublicaciones seriadas
_zMéxico
_913124
650 1 4 _aPlantas
_vPublicaciones seriadas
_zMéxico
_913125
710 2 _aSociedad Botánica de México
_913126
902 _aGFM
942 _2lcc
_cB
999 _c4832
_d4832